[Event "Challenge"]
[Site "http://www.queenalice.com/game.php?id=562030"]
[Date "2009.3.26"]
[Round "-"]
[White "sweetcaroline"]
[Black "Huruka"]
[Result "0-1"]
[WhiteElo "941"]
[BlackElo "1674"]

1. d4 d5 2. e3 Nf6 3. Nc3 e6 4. Nxd5 Nxd5 5. Qf3 Bb4+ 6. Bd2 Bxd2+ 7. Kxd2 O-O
8. c4 Nb6 9. Be2 Nc6 10. d5 exd5 11. cxd5 Nxd5 12. Qh5 Nf6+ 13. Qd5 Qxd5+ 14.
Ke1 Be6 15. Bb5 Rad8 16. f4 Qxg2 17. Nh3 Qxh1+ 18. Ke2 Qxh2+ 19. Ke1 Bxh3 20.
Bxc6 bxc6 21. Rc1 Ne4 22. Rxc6 Qd2# 0-1

[Event "CAROLINE"]
[Site "http://www.queenalice.com/game.php?id=562138"]
[Date "2009.3.26"]
[Round "-"]
[White "perucona"]
[Black "sweetcaroline"]
[Result "1-0"]
[WhiteElo "1675"]
[BlackElo "988"]

1. e4 g5 2. d4 c6 3. Nf3 g4 4. Nh4 e6 5. Qxg4 Qa5+ 6. Bd2 Qa4 7. b3 Qxd4 8. Nc3
Nf6 9. Be3 Qc4 10. Bxc4 Nxg4 11. f3 Nxe3 12. Kd2 Nxc2 13. Kxc2 e5 14. Rhf1 Rg8
15. g3 Ba3 16. f4 exf4 17. Rxf4 d6 18. Bxf7+ Ke7 19. Raf1 Rf8 20. Nf5+ Kf6 21.
Nh6+ Ke7 22. Nf5+ Kf6 23. Nh6+ Ke5 24. R4f2 Rxf7 25. Nxf7+ Ke6 26. Rf6+ Kd7 27.
Nxd6 Bxd6 28. Rf7+ Kd8 29. Rxh7 Be6 30. Rh8+ Kd7 31. Rh7+ Kc8 32. Rh8+ Kc7 33.
Rf6 Ba3 34. Rxe6 Kb6 35. Na4+ Kb5 36. Rh5+ Kb4 37. Nc3 Nd7 38. Rg5 c5 39. Nd5+
Ka5 40. h4 b5 41. h5 Nb6 42. h6 c4 43. bxc4 bxc4 44. Nxb6+ Kb4 45. Nd5+ Ka4 46.
Ra6+ Kb5 47. Nc7+ Kb4 48. Rb5# 1-0

[Event "Challenge"]
[Site "http://www.queenalice.com/game.php?id=562364"]
[Date "2009.3.27"]
[Round "-"]
[White "corbe"]
[Black "sweetcaroline"]
[Result "1-0"]
[WhiteElo "1337"]
[BlackElo "941"]

1. e4 c5 2. Bc4 Nf6 3. Qf3 e5 4. g4 d6 5. g5 Nc6 6. gxf6 gxf6 7. Nc3 Bh6 8. Qh5
O-O 9. Qxh6 f5 10. Nf3 fxe4 11. Nxe4 Kh8 12. Rg1 Bh3 13. Qg7# 1-0

[Event "Challenge"]
[Site "http://www.queenalice.com/game.php?id=567545"]
[Date "2009.4.6"]
[Round "-"]
[White "corbe"]
[Black "sweetcaroline"]
[Result "0-1"]
[WhiteElo "1328"]
[BlackElo "999"]

1. e4 e5 2. Qf3 f6 3. g4 Nc6 4. g5 Bc5 5. gxf6 gxf6 6. Qh5+ Ke7 7. Bc4 Qf8 8.
Nc3 Nh6 9. Nd5+ Kd6 10. c3 Rg8 11. d4 Na5 12. dxc5+ Kxc5 13. Ne3 Nxc4 14. b4+
Kc6 15. Nxc4 d6 16. a4 Rg2 17. Na5+ Kb6 0-1

[Event "tsabadini"]
[Site "http://www.queenalice.com/game.php?id=567618"]
[Date "2009.4.6"]
[Round "-"]
[White "sweetcaroline"]
[Black "tsabadini"]
[Result "0-1"]
[WhiteElo "1057"]
[BlackElo "1045"]

1. e4 d6 2. c4 e5 3. Nc3 Nf6 4. Nf3 Nc6 5. Bd3 Bg4 6. Qe2 Nd4 7. Qe3 Nc2+ 8.
Bxc2 Bh5 9. O-O Ng4 10. g3 Nxe3 11. dxe3 Bxf3 12. b4 g5 13. b5 Rg8 14. Ba4 Rg6
15. Bd2 Rh6 16. Nd1 Rh3 17. Re1 Qf6 18. Nc3 g4 19. b6+ Kd8 20. Nd5 h5 21. Nxf6
axb6 22. Ng8 Rxa4 23. Rad1 Rxa2 24. Kf1 Rxh2 25. Re2 Rh1# 0-1

[Event "Challenge"]
[Site "http://www.queenalice.com/game.php?id=570137"]
[Date "2009.4.11"]
[Round "-"]
[White "Sap"]
[Black "sweetcaroline"]
[Result "1-0"]
[WhiteElo "866"]
[BlackElo "1025"]

1. Nc3 Nc6 2. Ne4 Nb4 3. Ng5 d5 4. c3 Nc6 5. Rb1 Bf5 6. b3 Bxb1 7. N1f3 Bxa2 8.
Qc2 Bxb3 9. Qxb3 e6 10. Qb5 Qd7 11. Bb2 f6 12. Qxb7 Rd8 13. Nxe6 Qxe6 14. Ba3
Bxa3 15. g3 Bc1 16. Nd4 Qd7 17. Nxc6 Rc8 18. Na5 Rd8 19. Nc6 Kf7 20. Nb4 Qf5 21.
Qa6 Qh3 22. Bxh3 g5 23. Qxa7 Kg6 24. Qe3 Kf7 25. Qd3 Ba3 26. Nxd5 Rxd5 27. Qxd5+
Kg6 28. Bf5+ Kg7 29. Qd7+ Kf8 30. Rg1 Ne7 31. Be4 Bc5 32. Qxc7 h5 33. Rg2 Ba3
34. h4 gxh4 35. gxh4 Bc1 36. Qxe7+ Kxe7 37. d3 Bd2+ 38. Kxd2 Kf8 39. Rg6 Ke8 40.
Rxf6 Kd8 41. f4 Kc8 42. Bg6 Kb8 43. Rf5 Rc8 44. Bxh5 Rxc3 45. Kxc3 Kc7 46. Rc5+
Kb6 47. Rc4 Kb5 48. Rc8 Ka4 49. f5 Ka5 50. f6 Ka4 51. f7 Ka3 52. f8=Q+ Ka2 53.
Ra8+ Kb1 54. Qf1# 1-0

[Event "Challenge"]
[Site "http://www.queenalice.com/game.php?id=570287"]
[Date "2009.4.11"]
[Round "-"]
[White "garca"]
[Black "sweetcaroline"]
[Result "1-0"]
[WhiteElo "1859"]
[BlackElo "1025"]

1. e4 e5 2. Nf3 Nc6 3. d3 Nf6 4. Nc3 d6 5. h3 Nb4 6. a3 a5 7. axb4 axb4 8. Rxa8
bxc3 9. bxc3 Be7 10. Be2 O-O 11. Bg5 b5 12. Bxf6 Bxf6 13. Nh2 Qd7 14. Bg4 Qc6
15. Rxc8 Rxc8 16. Bxc8 Qe8 17. Bg4 Qa8 18. O-O Qa3 19. Qa1 Qxa1 20. Rxa1 g5 21.
Ra5 c6 22. Bd7 Be7 23. Bxc6 Bf6 24. Rxb5 Kg7 25. Ng4 Be7 26. Ne3 Bf6 27. Nf5+
Kf8 28. Rb8+ Bd8 29. Rxd8# 1-0

[Event "Challenge"]
[Site "http://www.queenalice.com/game.php?id=570807"]
[Date "2009.4.12"]
[Round "-"]
[White "higorgomes"]
[Black "sweetcaroline"]
[Result "1-0"]
[WhiteElo "1014"]
[BlackElo "1014"]

1. e4 e5 2. Qf3 f6 3. Nc3 Nc6 4. Bb5 Nb4 5. Qd1 c6 6. Ba4 b6 7. a3 Na6 8. d4 Be7
9. dxe5 fxe5 10. Qf3 Bc5 11. Bb3 Qe7 12. Nge2 Qd6 13. O-O Qd4 14. Qf7+ Kd8 15.
Qxg7 Kc7 16. Qxh8 Qxe4 17. Nxe4 b5 18. Qxg8 Bb7 19. Qxh7 Bf8 20. a4 Bc5 21. axb5
Rd8 22. Qh5 Bb4 23. Qxe5+ Kb6 24. bxa6 Bxa6 25. Qd4+ Kb5 26. Ra4 Bc5 27. Nxc5
Kb6 28. Rxa6+ Kc7 29. Rxa7+ Kb6 30. Nxd7+ Kb5 31. Ba4# 1-0

[Event "Challenge"]
[Site "http://www.queenalice.com/game.php?id=579022"]
[Date "2009.4.27"]
[Round "-"]
[White "Rick_Matador"]
[Black "sweetcaroline"]
[Result "1-0"]
[WhiteElo "978"]
[BlackElo "1036"]

1. d4 d5 2. c4 dxc4 3. Nc3 e6 4. e3 Qh4 5. Nf3 Qf6 6. Bxc4 Bb4 7. a3 Ba5 8. O-O
Nc6 9. Qa4 Bxc3 10. bxc3 e5 11. d5 Bg4 12. Nd2 Nh6 13. Ne4 Qh4 14. f3 Bxf3 15.
Rxf3 Ng4 16. dxc6 Nxh2 17. cxb7+ Ke7 18. Rxf7+ Kd8 19. bxa8=R# 1-0

[Event "Challenge"]
[Site "http://www.queenalice.com/game.php?id=579315"]
[Date "2009.4.28"]
[Round "-"]
[White "tsabadini"]
[Black "sweetcaroline"]
[Result "1-0"]
[WhiteElo "1081"]
[BlackElo "1018"]

1. e4 e5 2. d3 Qh4 3. g3 Qf6 4. Qd2 Nc6 5. f3 Bc5 6. Ne2 Qxf3 7. Nec3 Nb4 8. a3
Qxh1 9. axb4 Bxb4 10. Ra4 Bc5 11. Rc4 Bg1 12. Rxc7 Bxh2 13. Nb5 Bxg3+ 14. Ke2
Qh2+ 15. Ke3 Qg1+ 16. Ke2 Qh2+ 17. Kd1 Qg1 18. Nd6+ Ke7 19. Nf5+ Ke6 20. Qg5
Qxf1+ 21. Kd2 Be1+ 22. Kd1 Bd2+ 23. Kxd2 d6 24. Nxg7# 1-0

[Event "Challenge"]
[Site "http://www.queenalice.com/game.php?id=582423"]
[Date "2009.5.3"]
[Round "-"]
[White "hugo29"]
[Black "sweetcaroline"]
[Result "0-1"]
[WhiteElo "1442"]
[BlackElo "1014"]

1. e4 e5 2. d4 Bb4+ 3. Bd2 Nc6 4. Bxb4 Nxb4 5. dxe5 Qh4 6. Qd4 Nxc2+ 7. Kd1 Qxf2
8. Qxf2 Nxa1 9. Qg3 g6 10. b3 a5 11. e6 dxe6 12. Qe5 b6 13. Qxh8 c6 14. Qxg8+
Kd7 15. Ba6 c5 16. Bb5+ Kd6 17. Qd8+ Ke5 18. Nc3 Kf4 0-1

[Event "Challenge"]
[Site "http://www.queenalice.com/game.php?id=582433"]
[Date "2009.5.3"]
[Round "-"]
[White "Elegua"]
[Black "sweetcaroline"]
[Result "1-0"]
[WhiteElo "1612"]
[BlackElo "988"]

1. e4 e5 2. Nf3 Bb4 3. a3 Ba5 4. b4 Bb6 5. Nc3 Nf6 6. d3 Nc6 7. Bg5 d6 8. Nd5
O-O 9. Qd2 Qd7 10. Bxf6 gxf6 11. Nxf6+ Kh8 12. Nxd7 Bxd7 13. Qg5 h5 14. Qxh5+
Kg7 15. Ng5 f5 16. Qh7+ Kf6 17. Qh6+ Ke7 18. Qg7+ Ke8 19. h4 fxe4 20. Nxe4 Kd8
21. Qxf8+ Be8 22. Nf6 Nd4 23. Qxe8# 1-0

[Event "Challenge"]
[Site "http://www.queenalice.com/game.php?id=586502"]
[Date "2009.5.11"]
[Round "-"]
[White "adriana_paixao"]
[Black "sweetcaroline"]
[Result "1-0"]
[WhiteElo "1670"]
[BlackElo "999"]

1. e4 e5 2. b3 c5 3. Bc4 Qe7 4. Qf3 Qh4 5. Qxf7+ Kd8 6. Qxf8+ Kc7 7. Qf5 Qe7 8.
Bb2 Kb6 9. Bxe5 Qh4 10. Bxg7 Qe7 11. Bxh8 Nh6 12. Qd5 Qf6 13. Bxf6 a5 14. Qd6+
Ka7 15. Qxc5+ b6 16. Qc7+ Bb7 17. Bd4 Nc6 18. Bxb6# 1-0

[Event "Challenge 02"]
[Site "http://www.queenalice.com/game.php?id=586617"]
[Date "2009.5.11"]
[Round "-"]
[White "tsabadini"]
[Black "sweetcaroline"]
[Result "1-0"]
[WhiteElo "1189"]
[BlackElo "997"]

1. e4 e5 2. Qh5 g6 3. Qxe5+ Be7 4. Qxh8 Bb4 5. Qxg8+ Ke7 6. Qxh7 Qf8 7. a3 d6 8.
axb4 Bg4 9. h3 Be6 10. Ra5 d5 11. exd5 Kd6 12. Nc3 Nc6 13. dxc6 bxc6 14. Ne4+
Kd7 15. Nf6+ Kd8 16. c3 Bb3 17. h4 Rb8 18. h5 gxh5 19. Nf3 Ba2 20. b5 cxb5 21.
Rxa2 Rb6 22. Nd5 Re6+ 23. Be2 a5 24. Rxa5 Re4 25. Ra8+ Kd7 26. Rxf8 Rf4 27. Nxf4
h4 28. Qxf7+ Kc6 29. Rc8 Kb6 30. Rxh4 Ka6 31. Rxc7 Ka5 32. Ra7+ Kb6 33. Qc7# 1-0